Informatizácia a spoločnosť Vyspelé kapitalistické štáty

Salvato in:
Dettagli Bibliografici
Autore principale: Klas, Anton
Natura: Libro
Lingua:slovacco
Pubblicazione: Bratislava Pravda 1988
Edizione:1. vyd.
Tags: Aggiungi Tag
Nessun Tag, puoi essere il primo ad aggiungerne!!

MARC

LEADER 00000nam a2200000 4500
001 c028500
005 20221219091650.3
041 0 |a slo 
044 |a SK 
245 1 0 |a Informatizácia a spoločnosť  |b Vyspelé kapitalistické štáty  |c Anton Klas 
250 |a 1. vyd. 
264 1 |a Bratislava  |b Pravda  |c 1988 
300 |a 186 s.  |e 1 príl. 
100 1 |a Klas, Anton